000
00286nam a22001337a 4500
008
170508b xxu||||| |||| 00| 0 eng d
020
_a
9780060877323
041
_a
eng
080
_a
34
100
_a
14
101
_a
SHJ
245
_a
USING TERRI
_c
EISENBERG.J.B
942
_2
udc
_c
BK
999
_c
12849
_d
12849